El pensamiento político posfundacional : (Record no. 93866)
[ view plain ]
| 000 -LEADER | |
|---|---|
| fixed length control field | 00897nam a22002177a 4500 |
| 005 - DATE AND TIME OF LATEST TRANSACTION | |
| control field | 20150528110827.0 |
| 008 - FIXED-LENGTH DATA ELEMENTS--GENERAL INFORMATION | |
| fixed length control field | 150528b agu||||| |||| 00| 0 spa d |
| 020 ## - INTERNATIONAL STANDARD BOOK NUMBER | |
| International Standard Book Number | 9789505577811 |
| 050 04 - LIBRARY OF CONGRESS CALL NUMBER | |
| Classification number | JA71 |
| Item number | M37 2009 |
| 100 #1 - MAIN ENTRY--PERSONAL NAME | |
| Personal name | Marchart, Oliver, |
| 245 13 - TITLE STATEMENT | |
| Title | El pensamiento político posfundacional : |
| Remainder of title | la diferencia política en Nancy, Lefort, Badiou y Laclau / |
| Statement of responsibility, etc | Álvarez, Marta Delfina, tr. |
| 250 ## - EDITION STATEMENT | |
| Edition statement | 1a ed. |
| 260 ## - PUBLICATION, DISTRIBUTION, ETC. (IMPRINT) | |
| Place of publication, distribution, etc | Buenos Aires ; México, D.F. : |
| Name of publisher, distributor, etc | Fondo de Cultura Económica, |
| Date of publication, distribution, etc | 2009 |
| 300 ## - PHYSICAL DESCRIPTION | |
| Extent | 257 p. ; |
| Dimensions | 21 cm. |
| 490 ## - SERIES STATEMENT | |
| Series statement | Sección de obras de sociología |
| 500 ## - GENERAL NOTE | |
| General note | Traducción de: Post-foundational political thought : political difference in Nancy, Lefort, Badiou and Laclau |
| 504 ## - BIBLIOGRAPHY, ETC. NOTE | |
| Bibliography, etc | Bibliografía 233-250 p. ; e índice |
| 650 #4 - SUBJECT ADDED ENTRY--TOPICAL TERM | |
| Topical term or geographic name as entry element | Ciencia política |
| General subdivision | Filosofía |
| -- | Filosofía continental |
| 700 ## - ADDED ENTRY--PERSONAL NAME | |
| Personal name | Álvarez, Marta Delfina, |
| Relator term | tr. |
| 942 ## - ADDED ENTRY ELEMENTS (KOHA) | |
| Source of classification or shelving scheme | Biblioteca del Cogreso de los Estados Unidos |
| Koha item type | Libro |
| Estado de pérdida | Fuente de clasificación | Estado del daño | No para préstamo | Ubicación permanente | Ubicación actual | Apartado o colección | Fecha de adquisición | Fuente de adquisición | Edición | Dependencia de educación superior (DES) | Área del conocimiento | Clasificación | Código de Barras | Date last seen | Número de copia | Tipo de recurso |
|---|---|---|---|---|---|---|---|---|---|---|---|---|---|---|---|---|
| Biblioteca del Cogreso de los Estados Unidos | Biblioteca de la Facultad de Filosofía | Biblioteca de la Facultad de Filosofía | General | 28/05/2015 | Unidad Académica Genérico | 1a ed. | Humanidades | Educación y Humanidades | JA71 M37 2009 | BFF000011215 | 28/05/2015 | C:1 | Libro | |||
| Biblioteca del Cogreso de los Estados Unidos | Biblioteca de la Facultad de Filosofía | Biblioteca de la Facultad de Filosofía | General | 28/05/2015 | Unidad Académica Genérico | 1a ed. | Humanidades | Educación y Humanidades | JA71 M37 2009 | BFF000011216 | 28/05/2015 | C:2 | Libro | |||
| Biblioteca del Cogreso de los Estados Unidos | Biblioteca de la Facultad de Filosofía | Biblioteca de la Facultad de Filosofía | General | 28/05/2015 | Unidad Académica Genérico | 1a ed. | Humanidades | Educación y Humanidades | JA71 M37 2009 | BFF000011217 | 28/05/2015 | C:3 | Libro | |||
| Biblioteca del Cogreso de los Estados Unidos | Biblioteca de la Facultad de Filosofía | Biblioteca de la Facultad de Filosofía | General | 04/06/2015 | Unidad Académica Genérico | 1a ed. | Humanidades | Educación y Humanidades | JA71 M37 2009 | BFF000011228 | 04/06/2015 | C:4 | Libro |